| 000 | 00975nam a22002537a 4500 | ||
|---|---|---|---|
| 005 | 20170124102934.0 | ||
| 010 | _aA-755871 | ||
| 020 | _c150.00 | ||
| 035 | _aA-755871 | ||
| 037 | _bCen Lib/Ret | ||
| 040 |
_aDPL _bHN |
||
| 082 |
_a333.79 _bसूथाग |
||
| 100 |
_aसूथा, गणेशदत्त _99496 |
||
| 245 |
_aऊर्जा के मूल स्त्रोत / _cगणेशदत्त सूथा |
||
| 246 |
_aOorja ke mool strot / _bby Ganeshdutt Sootha |
||
| 260 |
_bइन्द्रप्रस्थ प्रकाशन _c1995 _aदिल्ली |
||
| 270 |
_aके-71, कृष्ण नगर _bदिल्ली _e110051 |
||
| 300 |
_a137पृ. _c20सेमी (सजिल्द) |
||
| 650 |
_aसौर ऊर्जा _91054 |
||
| 650 |
_aपवन ऊर्जा _91054 |
||
| 650 |
_aSolar energy _914197 |
||
| 650 |
_aWind energy _946005 |
||
| 942 |
_2ddc _cHN _h333.79 _mसूथाग |
||
| 999 |
_c112123 _d112123 |
||